| 000 | 01405cam a22003254a 4500 | ||
|---|---|---|---|
| 001 | 1686740 | ||
| 005 | 20060727203538.0 | ||
| 008 | 990622s1999 enk | b 001 0 eng d | ||
| 010 | _a 99036964 | ||
| 020 | _a9780199261680 | ||
| 040 |
_aDLC _cDLC _dDLC |
||
| 042 | _apcc | ||
| 043 | _an-us--- | ||
| 050 | 0 | 0 |
_aJC423 _b.H345 1999 |
| 082 | 0 | 0 |
_a320.51 _221 _bHAR |
| 100 | 1 |
_aHardin, Russell, _d1940- _915801 |
|
| 245 | 1 | 0 |
_aLiberalism, Constitutionalism, and Democracy / _cRussell Hardin. |
| 260 |
_aOxford : _bOxford University Press, _cc1999. |
||
| 300 |
_axviii, 379 p. ; _c23 cm. |
||
| 504 | _aIncludes bibliographical references and index. | ||
| 541 | _aBacca ; | ||
| 650 | 0 |
_aDemocracy. _915802 |
|
| 650 | 0 |
_aLiberalism. _915803 |
|
| 650 | 0 |
_aConstitutional history _zUnited States. _915804 |
|
| 856 | 4 | 2 |
_3Publisher description _uhttp://www.loc.gov/catdir/enhancements/fy0640/99036964-d.html |
| 856 | 4 | 1 |
_3Table of contents only _uhttp://www.loc.gov/catdir/enhancements/fy0640/99036964-t.html |
| 942 |
_2ddc _cBB |
||
| 999 |
_c14358 _d14358 |
||